| 000 | 01017cam a22002895a 4500 | ||
|---|---|---|---|
| 001 | 15881084 | ||
| 005 | 20201128021349.0 | ||
| 008 | 090825t2010 njua frb 001 0 eng d | ||
| 020 | _a9780321503626 (pbk. : alk. paper) | ||
| 020 | _a0321503627 (pbk. : alk. paper) | ||
| 040 |
_aDLC _cDLC _dGBVCP _dDLC _dEG-ScBUE _beng |
||
| 082 | 0 | 4 |
_a005.117 _222 _bFRE |
| 100 | 1 |
_aFreeman, Steve, _d1958- _938654 |
|
| 245 | 1 | 0 |
_aGrowing object-oriented software, guided by tests / _cSteve Freeman and Nat Pryce. |
| 260 |
_aUpper Saddle River : _bAddison-Wesley / Pearson Education Inc., _cc.2010. |
||
| 300 |
_axxiii, 358 p. : _bill. ; _c24 cm. |
||
| 490 | 0 | _aThe Addison-Wesley signature series | |
| 500 | _aIndex : p. 349-358. | ||
| 504 | _aBibliography : p. 347-348. | ||
| 590 | _aSAMEH | ||
| 650 | 7 |
_aObject-oriented programming (Computer science) _2BUEsh _92658 |
|
| 650 | 0 |
_aComputer software _xTesting. _2BUEsh |
|
| 651 | _2BUEsh | ||
| 653 |
_bCOMSCI _cJune2015 _cNovember2015 |
||
| 700 | 1 | _aPryce, Nat. | |
| 942 | _2ddc | ||
| 999 |
_c19962 _d19934 |
||